| 000 | 00346nam a22001217a 4500 | ||
|---|---|---|---|
| 999 |
_c7656 _d7656 |
||
| 008 | 190220b ||||| |||| 00| 0 eng d | ||
| 020 | _a9789993628446 | ||
| 082 | _a3339.35 N27n 2018 | ||
| 245 | _aAnnual Environment Accounts Statistics 2018 | ||
| 260 |
_aThimphu ; _bNational Statistics Bureau, _c2018. |
||
| 300 |
_aix, 80 p. _c22 cm. |
||
| 942 | _2ddc | ||